000
00343nam a2200145Ia 4500
008
220803s9999 xx 000 0 und d
020
_a
9788131606384
041
_a
eng
082
_a
720.954 THA
100
_a
Thakur M
_9
25098
245
_a
Indian Village
260
_a
New Delhi
_b
Rawat Publication
_c
2014
300
_a
214p
500
_a
ARCHI
999
_c
15954
_d
15954